000 00612nam a22001817a 4500
005 20251108170048.0
008 250721s9999 xx 000 0 ara d
082 1 4 _aط/ق/رغد
100 1 _aعبد الواحد، رغد عبد الرزاق
245 1 0 _aمرة و في الثعلب /
264 1 _aبغداد :
_bوزارة الثقافه و الإعلام - دار ثقافة الأطفال،
_c[19-].
300 _a32ص ؛ مص
490 0 _aمكتبة الطفل ؛ السلسلة القصصيه ؛55
650 1 7 _aالأطفال
650 1 7 _aالروايات
942 _2ddc
_cBK
999 _c38741
_d38741